[Event "Hamburg St Pauli op-A"]
[Site "Hamburg"]
[Date "2015.07.22"]
[Round "6"]
[White "Weber, Lars"]
[Black "Reinkoester, Michael"]
[Result "1-0"]
[WhiteElo "2184"]
[BlackElo "1868"]
[PlyCount "69"]
[EventDate "2015.07.18"]
[EventType "swiss"]
[EventRounds "9"]
[EventCountry "GER"]
[SourceTitle "EXT 2016"]
[Source "ChessBase"]
[SourceDate "2015.10.08"]
[SourceVersion "1"]
[SourceVersionDate "2015.10.08"]
[SourceQuality "1"]

1. c4 b6 2. Nc3 c5 3. Nf3 Bb7 4. d4 cxd4 5. Nxd4 Nf6 6. Bg5 Ne4 7. Nxe4 Bxe4 8. f3 Bb7 9. e4 g6 10. Nb5 Bg7 11. Nd6+ Kf8 12. Nxb7 Qc7 13. Qd5 Nc6 14. 0-0-0 Ke8 15. Nd6+ exd6 16. Qxd6 Qxd6 17. Rxd6 Be5 18. Rd5 f6 19. Be3 Nb4 20. Rb5 Nc6 21. a3 Rc8 22. b4 Ke7 23. Rd5 h5 24. f4 Bb8 25. Be2 Nd8 26. Rhd1 d6 27. Kb1 Nf7 28. Ka2 Rcd8 29. h4 Rhg8 30. g3 Rg7 31. c5 dxc5 32. Rxd8 Nxd8 33. bxc5 Bc7 34. cxb6 axb6 35. Rb1 1-0

[Event "Ortisei Server24 op 2nd"]
[Site "Ortisei"]
[Date "2013.06.04"]
[Round "4"]
[White "Zucchelli, Massimo"]
[Black "Reinkoester, Michael"]
[Result "1-0"]
[WhiteElo "2186"]
[BlackElo "2035"]
[PlyCount "35"]
[EventDate "2013.06.01"]
[EventType "swiss"]
[EventRounds "9"]
[EventCountry "ITA"]
[SourceTitle "CBM 154 Extra"]
[Source "ChessBase"]
[SourceDate "2013.06.25"]
[SourceVersion "2"]
[SourceVersionDate "2013.06.25"]
[SourceQuality "1"]

1. d4 Nf6 2. c4 e6 3. Nf3 b6 4. a3 Bb7 5. Nc3 Be7 6. d5 0-0 7. e4 d6 8. Bd3 Nbd7 9. 0-0 exd5 10. exd5 Ne5 11. Nxe5 dxe5 12. Re1 Nd7 13. Bf5 Bf6 14. Ne4 Qe7 15. Bxd7 Qxd7 16. Nxf6+ gxf6 17. Bh6 Rfe8 18. Qf3 1-0

[Event "Alpenpokal op 28th"]
[Site "Oberstdorf"]
[Date "2002.??.??"]
[Round "2"]
[White "Reinkoester, Michael"]
[Black "Zoefel, Peter"]
[Result "1-0"]
[WhiteElo "1786"]
[BlackElo "2070"]
[PlyCount "71"]
[EventDate "2002.01.12"]
[EventType "swiss"]
[EventRounds "9"]
[EventCountry "GER"]
[SourceTitle "EXT 2003"]
[Source "ChessBase"]
[SourceDate "2002.11.25"]
[SourceVersion "1"]
[SourceVersionDate "2002.11.25"]
[SourceQuality "1"]

1. e4 e5 2. Nf3 Nf6 3. Nxe5 d6 4. Nf3 Nxe4 5. d4 d5 6. Bd3 Bd6 7. 0-0 Bg4 8. Re1 f5 9. c4 0-0 10. Nbd2 c6 11. cxd5 cxd5 12. Qb3 Nxd2 13. Nxd2 Qd7 14. Bb5 Qf7 15. Nf3 Bxf3 16. Qxf3 a6 17. Ba4 Nc6 18. Bxc6 bxc6 19. Bf4 Bxf4 20. Qxf4 Rfe8 21. Qd6 Qb7 22. b3 Rad8 23. Rxe8+ Rxe8 24. g3 Qb6 25. Qd7 Rf8 26. Qe6+ Kh8 27. Qe5 h6 28. Re1 Rf6 29. h4 Qb4 30. h5 Qd2 31. Qb8+ Kh7 32. Re8 Qd1+ 33. Kg2 Qxh5 34. Rh8+ Kg6 35. Qe8+ Kg5 36. f4+ 1-0